Т. 50 : Эстонская ССР. Период 1918-1960. Вып. 2 : Рукописные работы; Геологическая изученность СССР

Podrobná bibliografie
Parent link:Геологическая изученность СССР: [обзорные главы, рефераты, аннотации и библиографические справки]/ Академия Наук СССР, Комиссия по геологической изученности СССР. Т. 50 : Эстонская ССР. Период 1918-1960. Вып. 2 : Рукописные работы.— , 1961-1988
Korporativní autor: Академия наук Эстонской ССР (АН ЭССР)
Další autoři: Тихомиров В. В. Владимир Владимирович (составитель), Хейнсалу И. А.
Jazyk:ruština
Vydáno: Таллин, Валгус, 1966
Témata:
Médium: MixedMaterials Kniha
KOHA link:https://koha.lib.tpu.ru/cgi-bin/koha/opac-detail.pl?biblionumber=271166

MARC

LEADER 00000nam2a2200000 4500
001 271166
005 20231101234417.0
035 |a (RuTPU)RU\TPU\book\294347 
035 |a RU\TPU\book\229626 
090 |a 271166 
100 |a 20141006d1966 k y0rusy50 ca 
101 0 |a rus 
102 |a EE 
105 |a y ad 001zy 
200 0 |a Т. 50 : Эстонская ССР. Период 1918-1960. Вып. 2 : Рукописные работы  |f Академия наук Эстонской ССР (АН ЭССР) ; гл. ред. В. В. Тихомиров ; сост. И. А. Хейнсалу 
210 |a Таллин  |c Валгус  |d 1966 
215 |a 252 с. 
320 |a Авторский указатель: с. 265-271. 
320 |a Предметно-систематический указатель: с. 272-275. 
320 |a Географический указатель: с. 275-284. 
320 |a Указатель минералов, полезных ископаемых и месторождений: с. 285-289. 
461 1 |0 (RuTPU)RU\TPU\book\58444  |t Геологическая изученность СССР  |o [обзорные главы, рефераты, аннотации и библиографические справки]  |f Академия Наук СССР, Комиссия по геологической изученности СССР  |v Т. 50 : Эстонская ССР. Период 1918-1960. Вып. 2 : Рукописные работы  |d 1961-1988 
606 1 |a Геологическая изученность  |y СССР  |2 stltpush  |3 (RuTPU)RU\TPU\subj\6035  |9 34000 
610 1 |a геология 
610 1 |a СССР 
610 1 |a Эстония 
610 1 |a стратиграфия 
610 1 |a геоморфология 
610 1 |a тектоника 
610 1 |a геологическое районирование 
610 1 |a геологические исследования 
610 1 |a опубликованные источники 
610 1 |a рефераты 
610 1 |a библиографические пособия 
675 |a 55(47+57)  |v 3 
675 |a 55(474.2)  |v 3 
702 1 |a Тихомиров  |b В. В.  |g Владимир Владимирович  |4 651 
702 1 |a Хейнсалу  |b И. А.  |4 220 
712 0 2 |a Академия наук Эстонской ССР (АН ЭССР)  |2 stltpush  |3 (RuTPU)RU\TPU\col\17922 
801 1 |a RU  |b 63413507  |c 20081010  |g PSBO 
801 2 |a RU  |b 63413507  |c 20141106  |g PSBO 
942 |c BK